000 00285 a2200133 4500
001 153335
040 _cEscola São Tomás de Aquino
240 1 0 _aFesta no céu
_lpor
245 1 0 _aFesta no céu
362 0 _a2004
440 1 _aFTD
697 _a*LITERATURA INFANTO
942 _cBK
999 _c153335
_d153335